<?xml version="1.0" encoding="UTF-8"?>
<collection xmlns="http://www.loc.gov/MARC21/slim">
 <record>
  <leader>01687nam a2200229Ia 4500</leader>
  <controlfield tag="001">CTU_116556</controlfield>
  <controlfield tag="008">210402s9999    xx            000 0 und d</controlfield>
  <datafield tag="020" ind1=" " ind2=" ">
   <subfield code="c">451000</subfield>
  </datafield>
  <datafield tag="082" ind1=" " ind2=" ">
   <subfield code="a">303.4833</subfield>
  </datafield>
  <datafield tag="082" ind1=" " ind2=" ">
   <subfield code="b">L665</subfield>
  </datafield>
  <datafield tag="100" ind1=" " ind2=" ">
   <subfield code="a">Levinson, Paul</subfield>
  </datafield>
  <datafield tag="245" ind1=" " ind2="0">
   <subfield code="a">Cellphone :</subfield>
  </datafield>
  <datafield tag="245" ind1=" " ind2="4">
   <subfield code="b">The story of the world’s most mobile medium and how it has transformed everything!</subfield>
  </datafield>
  <datafield tag="245" ind1=" " ind2="0">
   <subfield code="c">Paul Levinson</subfield>
  </datafield>
  <datafield tag="260" ind1=" " ind2=" ">
   <subfield code="a">New York, N.Y.</subfield>
  </datafield>
  <datafield tag="260" ind1=" " ind2=" ">
   <subfield code="b">Palgrave Macmillan</subfield>
  </datafield>
  <datafield tag="260" ind1=" " ind2=" ">
   <subfield code="c">2004</subfield>
  </datafield>
  <datafield tag="520" ind1=" " ind2=" ">
   <subfield code="a">Levinson (communications and media studies, Fordham U.) entertainingly traces the revolution in mobility in media&lt;--&gt; especially the social impact of cellphones. He includes period illustrations of early telephones, and an annotated bibliography. Although the Internet takes us everywhere in cyberspace, it usually requires us to be seated behind a desk. In contrast, the cellphone lets us walk through the world, fully connected. Cellphone explores the history of mobility in media--from books to cameras to transistor radios to laptops--and examines the unique impact of a device that sits in a pocket or palm, and lets us converse by voice or text. The restricting and liberating edge of accessibility transforms restaurants, public transport, automobiles, romance, literacy, parent-child relationships, war, and indeed all walks of life, trivial and profound. Like an organic cell that moves, evolves, combines with other cells, and generates, the cellphone has become a complex sparkplug of human life.</subfield>
  </datafield>
  <datafield tag="650" ind1=" " ind2=" ">
   <subfield code="a">Cellular telephone systems,Cellular telephones</subfield>
  </datafield>
  <datafield tag="650" ind1=" " ind2=" ">
   <subfield code="x">Popular works,Popular works</subfield>
  </datafield>
  <datafield tag="904" ind1=" " ind2=" ">
   <subfield code="i">Hiếu</subfield>
  </datafield>
  <datafield tag="980" ind1=" " ind2=" ">
   <subfield code="a">Trung tâm Học liệu Trường Đại học Cần Thơ</subfield>
  </datafield>
 </record>
</collection>
